000 00732nam a2200289Ia 4500
005 20260324112141.0
008 008 260324s9999 xx 000 0 eng d
020 _a9781003485483
037 _aEBOOK
040 _aCRL
040 _beng
040 _cCRL
041 _2eng
041 _aeng
084 _qCRL
100 _aBabayo Sule; Usman Sambo
_91141502
245 0 _aDeradicalisation and Post-Conflict Peacebuilding in Northeast Nigeria
245 0 _bCountering Boko Haram's Extremism
260 _bTaylor and Francis
260 _c2024
365 _a
365 _b220
856 _uhttp://www.taylorfrancis.com/books/9781003485483
942 _cEBOOK
999 _c1730605
_d1730605